| 000 | 00815nam a22002537a 4500 | ||
|---|---|---|---|
| 003 | DO-SdBNP | ||
| 005 | 20240412074309.0 | ||
| 007 | ta | ||
| 008 | 211101b2021 dr ||||| |||| 00| p spa d | ||
| 020 | _a9789945097023 | ||
| 040 |
_aDO-SdBNP _bspa _cBNPHU |
||
| 082 | 4 |
_aRD861.44 _bE56t, 2021 _222 |
|
| 100 | 1 |
_aEncarnación Antuna, César Bolívar, _d1962- _934651 |
|
| 245 | 1 | 0 |
_aTulpo y otros poemas... 1977-1985 / _cCésar Bolívar Encarnación Antuna. |
| 250 | _a3ra. ed. | ||
| 260 |
_aMonseñor Nouel, Bonao : _bImpresiones Santiago, _c2021. |
||
| 300 |
_a126 p. ; _c21 cm. |
||
| 500 | _aIncluye datos biográficos del autor en la contracubierta | ||
| 590 | _aInventariado, 2021/ LP | ||
| 650 | 0 |
_aPoesía dominicana _966 |
|
| 650 | 0 |
_aLiteratura dominicana. _967 |
|
| 910 | _aLopérez | ||
| 942 |
_2ddc _cLBS1 |
||
| 999 |
_c50839 _d50839 |
||